Normal view MARC view
  • Mathematical optimization

Entry Topical Term

Number of records used in: 1

001 - CONTROL NUMBER

  • control field: 35771

003 - CONTROL NUMBER IDENTIFIER

  • control field: NUST

005 - DATE AND TIME OF LATEST TRANSACTION

  • control field: 20210302101405.0

008 - FIXED-LENGTH DATA ELEMENTS

  • fixed length control field: 210302|| aca||aabn | a|a d

040 ## - CATALOGING SOURCE

  • Original cataloging agency: NUST
  • Transcribing agency: NUST

150 ## - HEADING--TOPICAL TERM

  • Topical term or geographic name entry element: Mathematical optimization
  • General subdivision: Data processing

670 ## - SOURCE DATA FOUND

  • Source citation: Work cat.: (NUST)31527: Venkataraman, P. 35770, Applied optimization with MATLAB programming /, c2002.
© 2023 Central Library, National University of Sciences and Technology. All Rights Reserved.